000
00217 a2200097 4500
001
18589
100
_a
Jafri R.A
245
_a
Wajid ali shah aur unka ahed
260
_a
_b
Sh ghulam ali
_c
1967
090
_c
13817
_d
13817
942
_a
NUST-CAE
_c
M
_c
4244
999
_c
253662
_d
253662